Assur: Gott, Stadt und Land : 5. Internationales Colloquium der Deutschen Orient-Gesellschaft 18.-21. Februar 2004 in Berlin /

محفوظ في:

مؤلف مشترك: Deutsche Orient-Gesellschaft. Internationales Colloquium

مؤلفون آخرون: Renger, Johannes.

التنسيق: كتاب

اللغة: German

منشور في: Wiesbaden : Harrassowitz Verlag, 2011.

سلاسل: Colloquien der Deutschen Orient-Gesellschaft ; 5.
CDOG ; 5.

الموضوعات:

الوسوم: إضافة وسم

لا توجد وسوم, كن أول من يضع وسما على هذه التسجيلة!

رقم الطلب: DS41 .D53 v.5

LEADER 01451namaa2200313 4500
001 22443
003 OSt
005 20211110102530.0
008 130303s2011 gw a g b 100 0 ger d
952 |0 0  |1 0  |2 lcc  |3 V.5  |4 0  |6 DS0041 D53 V.00005  |7 1  |9 22090  |a ARCE  |b ARCE  |d 2021-11-10  |l 0  |o DS41 .D53 v.5  |p 1015891  |r 2021-11-10 00:00:00  |w 2021-11-10  |y BK 
999 |c 28646  |d 28646 
020 |a 9783447064927 
040 |c ARCE Library 
050 4 |a DS41 .D53 v.5 
110 2 |a Deutsche Orient-Gesellschaft.  |b Internationales Colloquium  |n (5th :  |d 2004 :  |c Berlin, Germany), 
245 1 0 |a Assur: Gott, Stadt und Land :   |b 5. Internationales Colloquium der Deutschen Orient-Gesellschaft 18.-21. Februar 2004 in Berlin /   |c im Auftrag des Vorstands der Deutschen Orient-Gesellschaft herausgegeben von Johannes Renger. 
246 3 |a 5. Internationales Colloquium der Deutschen Orient-Gesellschaft 18.-21. Februar 2004 in Berlin. 
264 1 |a Wiesbaden :  |b Harrassowitz Verlag,  |c 2011. 
300 |a xiii, 470 Pages :   |b illustrations ;   |c 25 cm. 
490 1 |a Colloquien der Deutschen Orient-Gesellschaft,   |x 1433-7401 ;   |v 5. 
490 1 |a CDOG ;   |v 5. 
504 |a Includes bibliographical references. 
650 0 |a Assur (Assyrian deity)   |v Congresses. 
651 0 |a Ashur (Extinct city)  |v Congresses.  |9 20429 
700 1 |a Renger, Johannes.  |9 38356 
830 0 |a Colloquien der Deutschen Orient-Gesellschaft ;   |v 5. 
830 0 |a CDOG ;   |v 5. 
901 |a reviewed 
942 |c BK  |2 lcc